The unknown matisse man of the north,1869-1908
Saved in:
| Main Author: | |
|---|---|
| Format: | Book |
| Published: |
Hormondsworth, Middlesex, England
Penguin Books
2000
|
| Subjects: | |
| Tags: |
Add Tag
No Tags, Be the first to tag this record!
|
| Call Number : | N6853.M33 S68 2000 |
MARC
| LEADER | 00000pam a2200000 4500 | ||
|---|---|---|---|
| 001 | 7756 | ||
| 003 | MY-KLNDU | ||
| 005 | 20241218052522.0 | ||
| 020 | 0 | 0 | |a 0140176047 |
| 035 | |a 0000009503 | ||
| 039 | 9 | |y 200910081446 |z VLOAD | |
| 090 | 0 | 0 | |a N6853.M33 |b S68 2000 |
| 100 | 1 | 0 | |a Spurling |h Hilary |
| 245 | 1 | 4 | |a The unknown matisse |b man of the north,1869-1908 |c Hilary Spurling |
| 260 | 0 | 0 | |a Hormondsworth, Middlesex, England |b Penguin Books |c 2000 |
| 300 | |a xxv,480p. |b ill. |c 24cm | ||
| 500 | 0 | 0 | |a Includes index |
| 600 | 1 | 0 | |a Matise |h Henri |c 1869-1954 |
| 650 | 0 | 0 | |a Artise |z France |x Biography |
| 999 | |a vtls000007494 |c 7756 |d 7756 | ||


